00779nam a22002177a 450000500170000001000150001702000260003203500130005803700130007108200180008410000150010224501210011726000280023827000560026630000250032250000560034765000510040365000310045465000530048570000230053820150518121808.0 aENG-112585 a9789381017180c595.00 aEN-96117 bDBAD/PUB a320.082095483 aDevika, J.00aNew lamps for old ? :cby J. Devika [and] Binitha V. Thampibgender paradoxes political decentralisation in Kerala / aNew DelhibZubaanc2012 a128 B, Shah Pur Jat, Ist Floor, bNew Delhie110049 alii,235p. c23cm(Hb) aIncludes bibliographical references (p. [213]-235). a Women xPolitical activity z India zKerala. a PanchayatzIndiazKerala. a Decentralization in government zIndiazKerala. aThampi, Binitha V.